000 00673nas a2200241 4500
001 BR2012005661
003 BR-BrBNA
005 20231205120937.0
007 ta
008 230509b bl.|||p| |||| 00| 00por d
040 _aBR-BrBNA
_bpor
_cBiblioteca Nacional de Agricultura
041 _a(Pt)
072 _aL73
100 1 _aReis, J.K.P. dos
245 1 _aRetrovírus
650 _aVÍRUS
650 _aDOENÇA ANIMAL
650 _aINFECÇÃO
650 _aTUMOR
773 0 _tCadernos Técnicos de Veterinária e Zootecnia (Brazil)
_xISSN 1676-6024
_g(Jan 2012), no. 64 p. 7-9
_wBR2012005661
909 _a202311
_bLúcia
_c55
_dLúcia Elande
942 _2AGRIS
_n0
_cANA
999 _c221112
_d221112